ACE Agreement C(1) 2002 Civil/Structural Engineering; consultant appointed by design and construct contractor (Record no. 102726)

MARC details
000 -LEADER
fixed length control field 01070cam a2200241 4500
001 - CONTROL NUMBER
control field J12187
008 - FIXED-LENGTH DATA ELEMENTS--GENERAL INFORMATION
fixed length control field 030326n2002 000 0 eng u
035 ## - SYSTEM CONTROL NUMBER
System control number (Sirsi) u121756
041 ## - LANGUAGE CODE
Language code of text/sound track or separate title eng.
050 ## - LIBRARY OF CONGRESS CALL NUMBER
Classification number 624.08
-- 18
110 ## - MAIN ENTRY--CORPORATE NAME
Corporate name or jurisdiction name as entry element Association of Consulting Engineers
9 (RLIN) 1225
245 ## - TITLE STATEMENT
Title ACE Agreement C(1) 2002 Civil/Structural Engineering; consultant appointed by design and construct contractor
260 ## - PUBLICATION, DISTRIBUTION, ETC.
Place of publication, distribution, etc. London
Name of publisher, distributor, etc. ACE
Date of publication, distribution, etc. 2002
300 ## - PHYSICAL DESCRIPTION
Extent 26p.
Dimensions 31cm.
350 ## - PRICE (NR) (BK AM CF MU VM SE) [OBSOLETE]
Price 24
520 ## - SUMMARY, ETC.
Summary, etc. This agreement is intended for use when the consulting engineer is appointed by a design and construct contractor fo rthe provision of design services for civil/structural work. It should be used in conjunction with the guidance document C - 'ACE Agreements 2002 guidance' - a copy of which is included in the folder containing the agreement.
650 ## - SUBJECT ADDED ENTRY--TOPICAL TERM
Topical term or geographic name entry element CIVIL ENGINEERING CONTRACTS
650 ## - SUBJECT ADDED ENTRY--TOPICAL TERM
Topical term or geographic name entry element STRUCTURAL ENGINEERING
650 ## - SUBJECT ADDED ENTRY--TOPICAL TERM
Topical term or geographic name entry element CONSULTING ENGINEERS
650 ## - SUBJECT ADDED ENTRY--TOPICAL TERM
Topical term or geographic name entry element DESIGN AND BUILD CONTRACTORS
690 ## - LOCAL SUBJECT ADDED ENTRY--TOPICAL TERM (OCLC, RLIN)
Topical term or geographic name as entry element BUILDING AND CONSTRUCTION-ENGINEERING
942 ## - ADDED ENTRY ELEMENTS (KOHA)
Suppress in OPAC 0
Holdings
Withdrawn status Lost status Source of classification or shelving scheme Damaged status Not for loan Home library Current library Shelving location Date acquired Total Checkouts Full call number Barcode Date last seen Date last checked out Copy number Price effective from Koha item type
    Dewey Decimal Classification     London London Boxed set 26/03/2003 6 ACE 2002/5 30068429 06/08/2019 09/06/2006 1 06/08/2019 Book